000 00328nam a2200133Ia 4500
008 231129s1988||||xx |||||||||||||| ||spa||
040 _bspa
082 _aCo861 E18e
100 _aEchavarria Rogelio
245 0 _aEdad sin tiempo : poemas
260 _c1988
264 _aTalleres editoriales del Museo Rayo
942 _2ddc
_cBKS
999 _c9947
_d9947